<?xml version="1.0" encoding="UTF-8"?><marc:collection xmlns:marc="http://www.loc.gov/MARC21/slim">
  <marc:record>
    <marc:leader>00000nam##2200000za#4500</marc:leader>
    <marc:controlfield tag="001">9.524851</marc:controlfield>
    <marc:controlfield tag="003">CaOODSP</marc:controlfield>
    <marc:controlfield tag="005">20200331223853</marc:controlfield>
    <marc:controlfield tag="007">ta</marc:controlfield>
    <marc:controlfield tag="008">150406|1994||||xxc|||||     f|0| 0 fre|d</marc:controlfield>
    <marc:datafield tag="020" ind1=" " ind2=" ">
      <marc:subfield code="a">0-662-61437-2</marc:subfield>
    </marc:datafield>
    <marc:datafield tag="040" ind1=" " ind2=" ">
      <marc:subfield code="a">CaOODSP</marc:subfield>
      <marc:subfield code="b">fre</marc:subfield>
    </marc:datafield>
    <marc:datafield tag="041" ind1=" " ind2=" ">
      <marc:subfield code="a">eng</marc:subfield>
    </marc:datafield>
    <marc:datafield tag="041" ind1=" " ind2=" ">
      <marc:subfield code="a">fre</marc:subfield>
    </marc:datafield>
    <marc:datafield tag="043" ind1=" " ind2=" ">
      <marc:subfield code="a">n-cn---</marc:subfield>
    </marc:datafield>
    <marc:datafield tag="086" ind1="1" ind2=" ">
      <marc:subfield code="a">C21-24/3-1994</marc:subfield>
    </marc:datafield>
    <marc:datafield tag="110" ind1="1" ind2=" ">
      <marc:subfield code="a">Canada.</marc:subfield>
      <marc:subfield code="b">Industrie Canada. </marc:subfield>
      <marc:subfield code="b">Direction de l'analyse micro-économique.</marc:subfield>
    </marc:datafield>
    <marc:datafield tag="245" ind1="1" ind2="0">
      <marc:subfield code="a">Débordements transfrontaliers de R&amp;D entre les industries du Canada et des États-Unis / </marc:subfield>
      <marc:subfield code="c">par Jeffrey I. Bernstein. </marc:subfield>
    </marc:datafield>
    <marc:datafield tag="260" ind1=" " ind2=" ">
      <marc:subfield code="a">Ottawa - Ontario : </marc:subfield>
      <marc:subfield code="b">Industrie Canada. </marc:subfield>
      <marc:subfield code="c">1994.</marc:subfield>
    </marc:datafield>
    <marc:datafield tag="300" ind1=" " ind2=" ">
      <marc:subfield code="a">Texte français, 67p. : </marc:subfield>
      <marc:subfield code="b">tableaux ; </marc:subfield>
      <marc:subfield code="c">28 cm.</marc:subfield>
    </marc:datafield>
    <marc:datafield tag="490" ind1="1" ind2=" ">
      <marc:subfield code="a">Documents de travail</marc:subfield>
      <marc:subfield code="v">N° 3</marc:subfield>
    </marc:datafield>
    <marc:datafield tag="500" ind1=" " ind2=" ">
      <marc:subfield code="a">«L'objet de cette étude est triple. D'abord et avant tout, elle vise à analyser à quel point les efforts de recherche et développement (R&amp;D) déployés dans onze industries manufacturières du Canada ou des États-Unis débordent de l'autre côté de la frontière, et à estimer les effets des débordements intérieurs et transfrontaliers sur les coûts de production, sur les ratios intrants-extrants classiques (comme les ratios travail-production et capital matériel-production) et sur l'intensité de la R&amp;D dans le processus productif. Ensuite, elle se propose de mesurer les taux de croissance de la productivité dans chacune de ces onze industries et de connaître les gains de productivité liés aux débordements internationaux. Enfin, elle a pour troisième but d'estimer les taux de rendement social et privé du capital investi en R&amp;D et de déterminer les rendements des débordements canado-américains au delà des notions de rentabilité purement privée.»--Résumé.</marc:subfield>
    </marc:datafield>
    <marc:datafield tag="504" ind1=" " ind2=" ">
      <marc:subfield code="a">Bibliographie.</marc:subfield>
    </marc:datafield>
    <marc:datafield tag="520" ind1="3" ind2=" ">
      <marc:subfield code="a">L'objet de cette étude est triple. D'abord et avant tout, elle vise à analyser à quel point les efforts de recherche et développement (R&amp;D) déployés dans onze industries manufacturières du Canada ou des États-Unis débordent de l'autre côté de la frontière, et à estimer les effets des débordements intérieurs et transfrontaliers sur les coûts de production, sur les ratios intrants-extrants classiques (comme les ratios travail-production et capital matériel-production) et sur l'intensité de la R&amp;D dans le processus productif. Ensuite, elle se propose de mesurer les taux de croissance de la productivité dans chacune de ces onze industries et de connaître les gains de productivité liés aux débordements internationaux. Enfin, elle a pour troisième but d'estimer les taux de rendement social et privé du capital investi en R&amp;D et de déterminer les rendements des débordements canado-américains au delà des notions de rentabilité purement privée.--Résumé</marc:subfield>
    </marc:datafield>
    <marc:datafield tag="546" ind1=" " ind2=" ">
      <marc:subfield code="a">Bilingue</marc:subfield>
    </marc:datafield>
    <marc:datafield tag="563" ind1=" " ind2=" ">
      <marc:subfield code="a">Couverture souple</marc:subfield>
    </marc:datafield>
    <marc:datafield tag="691" ind1="0" ind2="7">
      <marc:subfield code="a">Recherche et développement</marc:subfield>
      <marc:subfield code="2">gcpds</marc:subfield>
    </marc:datafield>
    <marc:datafield tag="691" ind1="0" ind2="7">
      <marc:subfield code="a">Industrie de transformation</marc:subfield>
      <marc:subfield code="2">gcpds</marc:subfield>
    </marc:datafield>
    <marc:datafield tag="720" ind1="1" ind2=" ">
      <marc:subfield code="a">Bernstein, Jeffrey I.</marc:subfield>
    </marc:datafield>
    <marc:datafield tag="776" ind1="0" ind2="#">
      <marc:subfield code="t">International R&amp;D spillovers between industries in Canada and the United States / </marc:subfield>
      <marc:subfield code="w">(CaOODSP)9.570557</marc:subfield>
    </marc:datafield>
    <marc:datafield tag="776" ind1="0" ind2="#">
      <marc:subfield code="t">Débordements transfrontaliers de R&amp;D entre les industries du Canada et des États-Unis / </marc:subfield>
      <marc:subfield code="w">(CaOODSP)9.601204</marc:subfield>
    </marc:datafield>
    <marc:datafield tag="791" ind1=" " ind2=" ">
      <marc:subfield code="t">International R&amp;D spillovers between industries in Canada and the United States / </marc:subfield>
      <marc:subfield code="e">eng</marc:subfield>
      <marc:subfield code="w">(CaOODSP)9.524850</marc:subfield>
    </marc:datafield>
    <marc:datafield tag="830" ind1="#" ind2="0">
      <marc:subfield code="a">Documents de travail ;</marc:subfield>
      <marc:subfield code="v">N° 3</marc:subfield>
      <marc:subfield code="w">(CaOODSP)9.509053</marc:subfield>
    </marc:datafield>
  </marc:record>
</marc:collection>
